Les 100 plus gros Transferts de la Bundesliga (Arrivées) - Statistiques

Statistiques générales
  • Ce quiz a été pris 2 223 fois
    433 depuis la dernière actualisation
  • Le résultat moyen est 41 sur 100
Statistiques - réponses
Rang Saison Club de Départ Club d'Arrivée Montant Réponse % Correct
1 23/24 Tottenham Hotspur Bayern Munich 95 000 000 € Harry Kane
99%
4 24/25 Crystal Palace Bayern Munich 53 000 000 € Michael Olise
92%
7 23/24 SSC Naples Bayern Munich 50 000 000 € Min-jae Kim
88%
6 24/25 Paris SG RB Leipzig 50 000 000 € Xavi Simons
86%
2 19/20 Atlético Madrid Bayern Munich 80 000 000 € Lucas Hernandez
85%
11 17/18 Olympique Lyonnais Bayern Munich 41 500 000 € Corentin Tolisso
82%
8 20/21 Manchester City Bayern Munich 49 000 000 € Leroy Sané
82%
12 23/24 RC Lens RB Leipzig 40 000 000 € Loïs Openda
78%
3 22/23 Juventus Turin Bayern Munich 67 000 000 € Matthijs de Ligt
78%
20 16/17 Borussia Dortmund Bayern Munich 35 000 000 € Mats Hummels
75%
27 19/20 Bayern Munich Borussia Dortmund 30 500 000 € Mats Hummels
75%
19 16/17 Rennes Borussia Dortmund 35 000 000 € Ousmane Dembélé
74%
10 21/22 RB Leipzig Bayern Munich 42 500 000 € Dayot Upamecano
73%
15 13/14 Borussia Dortmund Bayern Munich 37 000 000 € Mario Götze
72%
70 16/17 Bayern Munich Borussia Dortmund 22 000 000 € Mario Götze
72%
5 24/25 FC Fulham Bayern Munich 51 000 000 € Joao Palhinha
69%
38 07/08 Olympique Marseille Bayern Munich 30 000 000 € Franck Ribéry
66%
13 12/13 Athletic Bilbao Bayern Munich 40 000 000 € Javi Martinez
65%
9 15/16 FC Schalke 04 VFL Wolfsburg 43 000 000 € Julian Draxler
65%
28 20/21 Birmingham City Borussia Dortmund 30 150 000 € Jude Bellingham
64%
71 13/14 Chelsea FC VFL Wolfsburg 22 000 000 € Kevin De Bruyne
64%
29 23/24 Olympique Lyonnais RB Leipzig 30 000 000 € Castello Lukeba
63%
35 15/16 Shakhtar Donetsk Bayern Munich 30 000 000 € Douglas Costa
62%
36 11/12 FC Schalke 04 Bayern Munich 30 000 000 € Manuel Neuer
62%
22 19/20 Dinamo Zagreb RB Leipzig 34 200 000 € Dani Olmo
58%
90 19/20 RB Salzbourg Borussia Dortmund 20 000 000 € Erling Haaland
57%
31 23/24 Galatasaray Bayern Munich 30 000 000 € Sacha Boey
55%
78 17/18 Juventus Turin Bayern Munich 21 000 000 € Kingsley Coman
53%
21 16/17 SL Benfica Bayern Munich 35 000 000 € Renato Sanches
53%
23 22/23 FC Liverpool Bayern Munich 32 000 000 € Sadio Mané
52%
58 09/10 Real Madrid Bayern Munich 25 000 000 € Arjen Robben
51%
18 19/20 VFB Stuttgart Bayern Munich 35 000 000 € Benjamin Pavard
51%
53 20/21 Juventus Turin Borussia Dortmund 25 000 000 € Emre Can
51%
14 15/16 Juventus Turin Bayern Munich 39 250 000 € Arturo Vidal
46%
57 13/14 FC Barcelone Bayern Munich 25 000 000 € Thiago Alcantara
46%
74 24/25 Olympique Marseille Eintracht Francfort 21 000 000 € Elye Wahi
45%
100 23/24 Bayern Munich Borussia Dortmund 19 000 000 € Marcel Sabitzer
45%
88 22/23 Stade Rennes FC Bayern Munich 20 000 000 € Mathys Tel
45%
99 19/20 Paris SG RB Leipzig 19 500 000 € Christopher Nkunku
44%
26 22/23 Ajax Amsterdam Borussia Dortmund 31 000 000 € Sébastien Haller
43%
32 22/23 RB Salzbourg Borussia Dortmund 30 000 000 € Karim Adeyemi
42%
55 19/20 Olympique Lyonnais Hertha BSC 25 000 000 € Lucas Tousart
42%
37 09/10 VFB Stuttgart Bayern Munich 30 000 000 € Mario Gomez
42%
66 18/19 OGC Nice Monchengladbach 23 000 000 € Alassane Plea
40%
16 21/22 Dinamo Zagreb RB Leipzig 36 800 000 € Josko Gvardiol
40%
94 17/18 TSG Hoffenheim Bayern Munich 20 000 000 € Niklas Süle
40%
67 16/17 VFB Stuttgart RB Leipzig 23 000 000 € Timo Werner
40%
86 22/23 Chelsea FC RB Leipzig 20 000 000 € Timo Werner
40%
25 14/15 Chelsea FC VFL Wolfsburg 32 000 000 € André Schürrle
38%
34 16/17 VFL Wolfsburg Borussia Dortmund 30 000 000 € André Schürrle
38%
33 21/22 PSV Eindhoven Borussia Dortmund 30 000 000 € Donyell Malen
38%
83 24/25 Stade Rennes FC Bayer Leverkusen 20 000 000 € Martin Terrier
38%
72 23/24 Union Saint-Gilloise Bayer Leverkusen 21 700 000 € Victor Boniface
38%
54 19/20 Bayer Leverkusen Borussia Dortmund 25 000 000 € Julian Brandt
37%
45 20/21 AS Rome Bayer Leverkusen 26 500 000 € Patrick Schick
37%
59 23/24 RB Salzbourg RB Leipzig 24 000 000 € Benjamin Sesko
36%
52 23/24 Stade Rennes FC VFL Wolfsburg 25 000 000 € Lovro Majer
35%
80 17/18 Manchester City Borussia Dortmund 20 590 000 € Jadon Sancho
31%
42 14/15 AS Rome Bayern Munich 28 000 000 € Medhi Benatia
31%
17 20/21 RB Salzbourg RB Leipzig 36 000 000 € Dominik Szoboszlai
30%
30 23/24 VFL Wolfsburg Borussia Dortmund 30 000 000 € Felix Nmecha
30%
39 16/17 RB Salzbourg RB Leipzig 29 750 000 € Naby Keïta
30%
44 24/25 Brighton VFB Stuttgart 26 700 000 € Deniz Undav
29%
56 17/18 Dinamo Kiev Borussia Dortmund 25 000 000 € Andriy Yarmolenko
28%
87 22/23 SC Fribourg Borussia Dortmund 20 000 000 € Nico Schlotterbeck
28%
92 18/19 Tianjin Tianhai Borussia Dortmund 20 000 000 € Axel Witsel
27%
62 24/25 VFB Stuttgart Bayern Munich 23 500 000 € Hiroki Ito
27%
69 19/20 SL Benfica Eintracht Francfort 22 340 000 € Luka Jovic
27%
73 17/18 FC Bâle Borussia Dortmund 21 500 000 € Manuel Akanji
25%
64 21/22 Eintracht Francfort RB Leipzig 23 000 000 € André Silva
24%
46 16/17 FC Bâle FC Schalke 04 26 500 000 € Breel Embolo
24%
61 19/20 AC Milan Hertha BSC 24 000 000 € Krzysztof Piatek
24%
77 19/20 FC Barcelone Borussia Dortmund 21 000 000 € Paco Alcacer
24%
40 24/25 TSG Hoffenheim Borussia Dortmund 28 500 000 € Maximilian Beier
23%
41 18/19 FSV Mayence 05 Borussia Dortmund 28 000 000 € Abdou Diallo
21%
43 13/14 Shakhtar Donetsk Borussia Dortmund 27 500 000 € Henrikh Mkhitaryan
21%
68 24/25 VFB Stuttgart Borussia Dortmund 22 500 000 € Waldermar Anton
21%
47 22/23 TSG Hoffenheim RB Leipzig 26 000 000 € David Raum
20%
60 23/24 SSC Naples RB Leipzig 24 000 000 € Eljif Elmas
20%
81 19/20 Vitoria Guimaraes SC Bayer Leverkusen 20 200 000 € Edmond Tapsoba
19%
49 19/20 Monchengladbach Borussia Dortmund 25 500 000 € Thorgan Hazard
19%
76 24/25 FC Bruges RB Leipzig 21 000 000 € Antonio Nusa
18%
48 23/24 TSG Hoffenheim RB Leipzig 25 500 000 € Christoph Baumgartner
17%
95 17/18 Bayer Leverkusen RB Leipzig 20 000 000 € Kevin Kampl
17%
84 24/25 Feyenoord RB Leipzig 20 000 000 € Lutsharel Geertruida
17%
50 19/20 TSG Hoffenheim Borussia Dortmund 25 500 000 € Nico Schulz
17%
24 19/20 TSG Hoffenheim Bayer Leverkusen 32 000 000 € Kerem Demirbay
16%
98 03/04 Deportivo La Corogne Bayern Munich 19 750 000 € Roy Makaay
16%
63 23/24 Southampton Bayer Leverkusen 23 300 000 € Nathan Tella
15%
65 21/22 FC Bruges Bayer Leverkusen 23 000 000 € Odilon Kossounou
15%
82 25/26 Atlético Madrid RB Leipzig 20 000 000 € Arthur Vermeeren
13%
75 24/25 FC Augsbourg VFB Stuttgart 21 000 000 € Ermedin Demirovic
13%
85 23/24 RB Salzbourg RB Leipzig 20 000 000 € Nicolas Seiwald
13%
96 17/18 SC Fribourg Borussia Dortmund 20 000 000 € Maximilian Philipp
10%
97 16/17 TSG Hoffenheim Bayer Leverkusen 20 000 000 € Kevin Volland
9%
93 18/19 Werder Breme Borussia Dortmund 20 000 000 € Thomas Delaney
9%
51 01/02 AC Parme Borussia Dortmund 25 500 000 € Marcio Amoroso
8%
89 20/21 Crystal Palace RB Leipzig 20 000 000 € Alexander Sörloth
7%
79 16/17 Dinamo Kiev Bayer Leverkusen 21 000 000 € Aleksandar Dragovic
6%
91 19/20 FC Watford Hertha BSC 20 000 000 € Dodi Lukébakio
6%
Aucun quiz correspondant
Distribution des résultats
% des personnes avec chaque résultat
Percentile par nombre de réponses
Votre historique - résultats
Vous n’avez pas pris ce quiz depuis la dernière actualisation